| Поле | Название | Значение |
| |
Тип записи |
a |
| |
Библиографический уровень |
m |
| 001 |
Контрольный номер |
RU\bookru\bibl\900444 |
| 003 |
Постоянный идентификатор записи |
http://www.book.ru/book/900444 |
| 005 |
Дата корректировки |
20161026111802.8 |
| 010 |
Индекс ISBN |
__ |
| a |
ISBN |
978-5-406-01213-0 |
| 100 |
Данные общей обработки |
0_ |
| a |
Данные общей обработки |
20130201d2011 mk y0rusy50 ca |
| 101 |
Язык документа |
0_ |
| a |
Язык текста |
Русский |
| 102 |
Страна публикации |
__ |
| a |
Страна публикации |
RU |
| 105 |
Кодированные данные (монография) |
__ |
| a |
Кодированные данные (монография) |
y ||||000yy |
| 200 |
Заглавие и сведения об ответственности |
1_ |
| a |
Заглавие |
Моделирование микроэкономических процессов и систем |
| 210 |
Выходные данные |
__ |
| a |
Место издания |
Москва |
| c |
Издательство |
КноРус |
| d |
Дата издания |
2011 |
| 215 |
Физическое описание |
__ |
| a |
Объем |
392 |
| 330 |
Аннотация |
__ |
| a |
Аннотация |
Изложены методы управления проектами на базе сетевого моделирования. Наряду с классическими методами сетевого планирования и управления предлагается решение актуальных задач с использованием оригинальных алгоритмов. Представлены эвристические методы решения некоторых задач планирования для разных типов производства, приложение экспертных методов для решения маркетинговых задач оценки привлекательности и конкурентоспособности товаров, а также стимулирования партнеров предприятия в оптовой и розничной торговле. Существенное внимание уделено математическому обеспечению используемых методов.
|
| Д |
|
ля студентов различных экономических специальностей и др. |
| 606 |
Тематические рубрики |
__ |
| a |
Основная рубрика |
Микро- и макроэкономика |
| 2 |
Код системы |
local |
| 608 |
Указатель предметных рубрик |
__ |
| a |
Жанр/форма |
Учебник |
| 2 |
Код системы |
local |
| 675 |
Индекс УДК |
__ |
| a |
Индекс УДК |
330(075.8) |
| z |
Язык издания |
rus |
| 686 |
Индексы других классификаций |
__ |
| a |
Классификационный индекс |
65.012.1я73 |
| 2 |
Код системы |
rubbk |
| 700 |
Автор |
_1 |
| a |
Фамилия |
Васильева Л.Н., Деева Е.А. |
| 801 |
Источник записи |
_1 |
| a |
Страна |
RU |
| b |
Организация |
book_ru |
| c |
Дата составления |
20130201 |
| g |
Правила каталогизации |
RCR |
| 856 |
Электронный адрес документа |
4_ |
| u |
Универсальный указатель ресурса (URL) |
http://www.book.ru/book/900444 |
| 951 |
|
__ |
| a |
|
http://www.book.ru/book/900444 |